| 000 | 00816cab a2200241 4500 | ||
|---|---|---|---|
| 001 | ABS48708 | ||
| 008 | 090401t1993 xxu||||| |||| 00| 0 eng d | ||
| 035 | _a(Sirsi) u68200 | ||
| 041 | _aeng | ||
| 100 | _aWare, S. | ||
| 245 | _aSecuring planning permission | ||
| 260 | _c1993 | ||
| 350 | _a0 | ||
| 490 |
_aArchitects` Journal _v197(21) 26 May 1993, 44-45(2) |
||
| 520 | _aBreaks the planning application process into stages - groundworks; informal contacts; application documentation; the period for consideration, negotiation and consultation; and finally the decision. | ||
| 650 | _aPLANNING APPLICATIONS | ||
| 650 | _aPLANNING PERMISSION | ||
| 650 | _aPLANNING PROCESS | ||
| 650 | _aTOWN AND COUNTRY PLANNING ACT 1990 | ||
| 690 | _aPLANNING LAW AND PRACTICE | ||
| 942 | _n0 | ||
| 948 | _c04/03/1997 | ||
| 999 |
_c42767 _d42767 |
||